000 00637nam a22001457a 4500
020 _a978-81-291-3551-3
082 _a823
_bBHA/T
100 _aBHAGAT, CHETAN
245 _aTHE 3 MISTAKES OF MY LIFE
260 _aDELHI
_bRUPA PUBLICATIONS
_c2008
300 _a257
520 _aIn late 2000, a young boy in Ahmedabad dreams of owning a business. To accommodate his friends' passion, he opens a cricket shop. However, nothing comes easy in a turbulent city. To realise their goals, they will have to face it all-religious politics, calamities, unacceptable love and, above all, their own mistakes.
650 _aNOVEL
_zINDIA
942 _cBK
999 _c2645
_d2645